000 00786nam a22002297a 4500
005 20170124110012.0
010 _aB-063157
020 _c00.00
_a0968808301
035 _aB-063157
037 _bCen Lib/Ret
040 _aDPL
_bEN
082 _a341
_bPER
245 _aPerspectives on human security :
_cedited by M. V. Naidu
_bnational sovereignty and humanitarian intervention /
260 _bCPREA
_aCanada
_c2001
270 _bCanada
_aCPREA c/o Brandon University, 270-18th Street, Brandon, Manitoba, Canada
300 _axviii, 232p.
_c21cm(Hb)
500 _aIncludes bibliographical references and index
650 _aSecurity
_zNational
_917921
650 _aSecurity
_zHuman
_917922
700 _aNaidu, M.V.
_973818
942 _2ddc
_cEN
_h341
_mPER
999 _c126591
_d126591